000
00306nam a22001337a 4500
008
181022b xxu||||| |||| 00| 0 eng d
020
_a
639785311065
041
_a
eng
080
_a
510
100
_a
37
101
_a
MAT
245
_a
Rewiew Of Elementary Mathematics
_c
Philip.a .sch
942
_2
udc
_c
BK
999
_c
50374
_d
50374